Movies Quiz

Random Movies or Actor Quiz

5-Star Movie Quotes Quiz Stats

 Plays Quiz Updated Sep 3, 2015

Challenge
Share
Tweet
Embed
Score 0/50 Timer 10:00
0 Plays Today
% Correct
Forrest Gump
98.9%
Apollo 13
90.1%
Titanic
89.6%
The Shining
88.5%
Meet the Parents
84.3%
Cast Away
83.4%
Jerry Maguire
82.4%
Top Gun
82%
Scarface
81.7%
A Few Good Men
81.1%
Inglourious Basterds
80.9%
Taxi Driver
80.2%
Romeo + Juliet
79.5%
Saving Private Ryan
77.3%
The Bourne Identity
77.2%
Charlie and the Chocolate Factory
76.7%
Inception
75.9%
The Green Mile
74.5%
As Good As it Gets
73.9%
The Godfather
72.9%
Any Given Sunday
72.8%
Dirty Harry
71.7%
One Flew Over the Cuckoo's Nest
70.8%
Rain Man
67.3%
Troy
66.8%
% Correct
Philadelphia
64.4%
The Departed
64%
Alice in Wonderland
62.8%
Ocean's Eleven
62.2%
Pirates of the Caribbean: The Curse of the Black Pearl
61.5%
Goodfellas
60%
The Devil's Advocate
59.8%
Shutter Island
59.3%
Good Will Hunting
58.8%
The Talented Mr. Ripley
58.2%
Fight Club
58%
Django Unchained
57.5%
Thelma & Louise
56.9%
Mission: Impossible
55.8%
Dog Day Afternoon
54.2%
The Godfather II
50.8%
Gran Torino
50.6%
The Deer Hunter
46%
Magnolia
45.9%
Fear and Loathing in Las Vegas
45.2%
The Good, the Bad and the Ugly
41.2%
True Grit
36.1%
Million Dollar Baby
35.9%
Public Enemies
32%
Sudden Impact
18.1%

You're not logged in!

Compare scores with friends on all Sporcle quizzes.
OR
Log In

You Might Also Like...

Show Comments

Extras

Top Quizzes Today


Score Distribution

Your Account Isn't Verified!

In order to create a playlist on Sporcle, you need to verify the email address you used during registration. Go to your Sporcle Settings to finish the process.

Report this User

Report this user for behavior that violates our Community Guidelines.

Details: